000 00961nam a2200265 a 4500
001 000027619
003 DO-SdBNP
005 20230214092431.0
007 ta
008 110401s1986 dr a 001 0 spa d
040 _aDO-SdBNP
_bspa
_cBNPHU
082 4 _a972.9356
_bA174L
_222
100 1 _aAcevedo, Carlos
_911098
245 1 0 _aLibro dorado de Santiago /
_cCarlos Acevedo.
260 _aSanto Domingo :
_bSan Rafael,
_c1986.
300 _a414 p. :
_bilustraciones ;
_c23 cm.
500 _aIncluye referencias bibliográficas y notas al pie de las páginas
590 _aInventariado, 2023 / DG
650 4 _aCiudades y pueblos
_xHistoria
_zRepública Dominicana
_912424
651 0 _aSantiago de los Caballeros (Republica Dominicana)
_98269
651 0 _aSantiago de los Caballeros (Republica Dominicana)
_98269
651 0 _aSantiago de los Caballeros (Republica Dominicana)
_98269
910 _aValidado. Control de calidad EMS
942 _2ddc
_cLBS1
999 _c27111
_d27111